000 00327nam a2200133Ia 4500
005 20260328104329.0
008 260328s9999||||xx |||||||||||||| ||und||
100 _aRichards, Brent
245 0 _aNouvelle Architecture de verre /
_cBrent Richards
260 _bSeul
300 _a240 p.
650 _aARQUITECTURA
942 _cBK
999 _c11655
_d11655